| 000 | 00453nam a22001337a 4500 | ||
|---|---|---|---|
| 008 | 150226b xxu||||| |||| 00| 0 eng d | ||
| 050 | _aQC721.F919 | ||
| 100 |
_aFrisch, David H and Thorndike, Alan M. _915571 |
||
| 245 |
_aElementary particles _c/ David H. Frisch and Alan M. Thorndike |
||
| 260 |
_aNew Jersey _bD. Van Nostrand company _c1964 |
||
| 300 |
_avi, 153p. ; _c21cm. |
||
| 650 |
_aParticles (Nuclear physics) _913723 |
||
| 942 |
_2lcc _cMONOGRAPH |
||
| 999 |
_c122202 _d122202 |
||